00701nam a2200193 a 450000100100000000500170001000800410002704000250006810000240009324000340011724500420015126000340019330000210022749000180024858600220026683000250028895201770031399900170049000004032020201002034045.0130821s1966 sp 000 0 spa d aDO-SdBNPbspacBNPHU1 aSachs, Nelly96660710aDas Leiden Israelslespañol13aLa pasión de israel /cNelly Sachs. aBarcelona :bGrijalbo,c1966. a182 p. ;c21 cm.1 aTeatro de hoy aPremio nobel 1966 0aTeatro de hoy966608 001050718MOaGRbGRcCTd2013-08-21iLF1l0o p40320-10r2020-06-25w2020-06-25y1zPerteneció a la biblioteca personal de Aída cartagena PortalatínZNo se presta c39810d39810